Causas más frecuentes de consulta ambulatoria de adultos-jóvenes atendidas en la consulta externa de la Unidad de Salud Especializada de Verapaz, San Vicente, en el periodo comprendido de enero a junio del 2023 (Registro nro. 34371)

Detalles MARC
000 -CABECERA
Longitud fija campo de control 01235nam a22002297a 4500
003 - IDENTIFICADOR DELl NÚMERO DE CONTROL
Identificador del número de control OSt
005 - FECHA Y HORA DE LA ÚLTIMA TRANSACCIÓN
Fecha y hora de la última transacción 20241114190038.0
008 - CÓDIGOS DE INFORMACIÓN DE LONGITUD FIJA
Códigos de información de longitud fija 210511b ||||| |||| 00| 0 eng d
040 ## - FUENTE DE LA CATALOGACIÓN
Centro transcriptor BCRI
082 ## - NÚMERO DE LA CLASIFICACIÓN DECIMAL DEWEY
Númeroo de clasificación 610.72
100 1# - PUNTO DE ACCESO PRINCIPAL-NOMBRE DE PERSONA
Nombre de persona Dimas Munguía, Reina Marisol
9 (RLIN) 47759
245 00 - MENCIÓN DE TÍTULO
Título Causas más frecuentes de consulta ambulatoria de adultos-jóvenes atendidas en la consulta externa de la Unidad de Salud Especializada de Verapaz, San Vicente, en el periodo comprendido de enero a junio del 2023
Resto del título : investigación
Mención de responsabilidad, etc. Reina Marisol Dimas Munguía, Jennifer Yanira Romero Flores, Fátima Beatriz Ramos Serrano
260 ## - PUBLICACIÓN, DISTRIBUCIÓN, ETC. (PIE DE IMPRENTA)
Lugar de publicación, distribución, etc. Ilobasco (Cabañas)
Nombre del editor, distribuidor, etc. Universidad Católica de El Salvador CRI
Fecha de publicación, distribución, etc. 2023
300 ## - DESCRIPCIÓN FÍSICA
Extensión 54 h.
Otras características físicas il.
Dimensiones 30 cm.
Material anejo Versión digital en USB
500 ## - NOTA GENERAL
Nota general Precede al tít.: Universidad Católica de El Salvador, Facultad Multidisciplinaria
502 ## - NOTA DE TESIS
Nota de tesis Para optar al grado académico de Licenciadas en Enfermería
650 #0 - PUNTO DE ACCESO ADICIONAL DE MATERIA - TÉRMINO DE MATERIA
9 (RLIN) 14936
Término de materia o nombre geográfico como elemento inicial Enfermería
Subdivisión de materia general Investigación
700 1# - PUNTO DE ACCESO ADICIONAL - NOMBRE DE PERSONA
9 (RLIN) 47760
Nombre de persona Romero Flores, Jennifer Yanira
700 1# - PUNTO DE ACCESO ADICIONAL - NOMBRE DE PERSONA
9 (RLIN) 47761
Nombre de persona Ramos Serrano, Fátima Beatriz
710 ## - PUNTO DE ACCESO ADICIONAL - NOMBRE DE ENTIDAD
Nombre de entidad o nombre de jurisdicción como elemento inicial Universidad Católica de El Salvador
Unidad subordinada Centro Regional de Ilobasco
-- Facultad Multidisciplinaria
9 (RLIN) 40915
942 ## - ENTRADA DE ELEMENTOS AGREGADOS (KOHA)
Fuente de clasificaión o esquema Dewey Decimal Classification
Koha [por defecto] tipo de item 4- Trabajo de Graduación
Parte de clasificación prozim
Existencias
Suprimido Perdido Fuente de clasificación o esquema Estropeado Restricciones de uso No para préstamo Código de colección Localización permanente Localización actual Localización en estanter&íacute;as Fecha adquisición Fuente de adquisición Número de inventario Préstamos totales Renovaciones totales Signatura completa Código de barras Fecha última consulta Fecha último préstamo Fecha del precio de reemplazo Tipo de item de Koha
NULL NULL Dewey Decimal Classification NULL Prestable NULL NULL Biblioteca Centro Regional de Ilobasco Biblioteca Centro Regional de Ilobasco Sala Principal 04/09/2023 Donado por Reina Dimas 000261 29 27 IN-000261 1050964 11/07/2025 11/07/2025 04/10/2023 4- Trabajo de Graduación